LA REVOLUCION MEXICANA

Gorde:
Xehetasun bibliografikoak
Egile nagusia: García Ruiz, Ramón (autor)
Formatua: Liburua
Etiketak: Etiketa erantsi
Etiketarik gabe, Izan zaitez lehena erregistro honi etiketa jartzen!

MARC

LEADER 00000nam^a2200000^a^4500
001 000204714
005 20250521000000.0
009 20260310103052.683
035 |a 024726 
037 |a Acervo Xavier Clavigero 
082 |a 934.  |b GAR 
100 |a García Ruiz, Ramón  |e (autor) 
245 1 3 |a LA REVOLUCION MEXICANA 
264 |a MEXICO :  |b DESCONOCIDA,  |c 1974 
336 |a texto  |b txt  |2 rdacontenido 
337 |a sin mediación  |b n  |2 rdamedio 
338 |a volumen  |b nc  |2 rdasoporte 
545 0 |a Ramón García Ruiz (27 de agosto de 1908 - 2 de febrero de 1995), educador, político, ensayista y poeta jalisciense nacido en Guadalajara. El 8 de abril de 2010 los diputados de la Comisión de cultura presentaron un proyecto para que se analizara su vida con el fin de evaluar la posibilidad de ser declarado Benemérito Ilustre del Estado de Jalisco y en consecuencia trasladar sus restos a la Rotonda de los Jaliscienses Ilustres. Sus escritos son principalmente de carácter pedagógico, biográfico, histórico y poético. Entre sus obras no literarias se encuentran Breve historia de la educación en Jalisco, Principios y técnicas de la supervisión escolar, Don Manuel López Cotilla: educador benemérito de Jalisco, Don Vasco de Quiroga: precursor de la organización y el desarrollo de la comunidad, entre otros. Sus poemas son Los años pasan…, Pebetero y Mar de contrastes. 
649 |a XX 
910 |a Fondo General 
920 |a Impresos - Libros 
930 |a Colección General 
905 |a 101 
901 |a 024726  |b IT1  |c ACC  |i 024726  |u 20250521 
902 |a https://opac.biblio.iteso.mx/vufind/Record/000204714